Statistics for Countries That Eat Most Fast Food

Click here to take the quiz!

General Stats

  • This quiz has been taken 558 times
  • The average score is 7 of 10

Answer Stats

RankFast Food nation% Correct
1United States
100%
4United Kingdom
90%
3Canada
87%
2France
83%
8Germany
83%
6Japan
72%
5South Korea
47%
10Sweden
35%
7Austria
28%
9Switzerland
27%

Score Distribution

Percentile by Number Answered

Percent of People with Each Score

Your Score History

You have not taken this quiz